000 00406pab a2200157 454500
008 180718b1995 xxu||||| |||| 00| 0 eng d
100 _aJoglekar, K.G.
245 _aEconomy planning and Morarji Desai.
260 _c1995
300 _ap.12-14
362 _a28 Feb
650 _aDesai, Morarji - Criticism and Interpretation
650 _aCentral Planning - India
773 _aYojana
909 _a28448
999 _c28448
_d28448